Rājasthānnī sabada kosa; (Record no. 69343)
[ view plain ]
| 000 -LEADER | |
|---|---|
| fixed length control field | 00996cam a2200253 4500 |
| 001 - CONTROL NUMBER | |
| control field | sa 66004309 |
| 003 - CONTROL NUMBER IDENTIFIER | |
| control field | DLC |
| 005 - DATE AND TIME OF LATEST TRANSACTION | |
| control field | 20260227112241.0 |
| 008 - FIXED-LENGTH DATA ELEMENTS--GENERAL INFORMATION | |
| fixed length control field | 860214m19629999ii bd 00000 hino |
| 010 ## - LIBRARY OF CONGRESS CONTROL NUMBER | |
| LC control number | sa 66004309 |
| 041 0# - LANGUAGE CODE | |
| Language code of text/sound track or separate title | hinraj |
| 043 ## - GEOGRAPHIC AREA CODE | |
| Geographic area code | a-ii--- |
| 050 0# - LIBRARY OF CONGRESS CALL NUMBER | |
| Classification number | PK2707 |
| Item number | .R3 |
| 245 00 - TITLE STATEMENT | |
| Title | Rājasthānnī sabada kosa; |
| Remainder of title | Rājasthānī Hindī br̥hat kośa. |
| Statement of responsibility, etc. | Kartā Sītārāmma Lāḷasa. Vyutpatti ādi dvārā parishkāraka Nityānanda Śāstrī Dādhīca. |
| 250 ## - EDITION STATEMENT | |
| Edition statement | [1. saṃskaraṇa] |
| 260 0# - PUBLICATION, DISTRIBUTION, ETC. | |
| Place of publication, distribution, etc. | Jodhapura : |
| Name of publisher, distributor, etc. | Rājāsthānī Śodha Saṃsthāna, |
| Date of publication, distribution, etc. | 1962-<1978 > |
| 300 ## - PHYSICAL DESCRIPTION | |
| Extent | <v. 1; v. 2, pts. 1-2; v. 3, pts. 1-3; v. 4, pts. 1-3 in 9 > ; |
| Dimensions | 28 cm. |
| 500 ## - GENERAL NOTE | |
| General note | Hindi and Rajasthani. |
| 500 ## - GENERAL NOTE | |
| General note | Vol. 1 includes a short history of Rajasthani language and literature, in Hindi. |
| 504 ## - BIBLIOGRAPHY, ETC. NOTE | |
| Bibliography, etc. note | Includes bibliographical references. |
| 650 #0 - SUBJECT ADDED ENTRY--TOPICAL TERM | |
| Topical term or geographic name entry element | Rajasthani language |
| General subdivision | Dictionaries |
| -- | Hindi. |
| 650 #0 - SUBJECT ADDED ENTRY--TOPICAL TERM | |
| Topical term or geographic name entry element | Rajasthani philology. |
| 700 10 - ADDED ENTRY--PERSONAL NAME | |
| Personal name | Lāḷasa, Sītārāmma. |
No items available.